000 00773cab a2200265 4500
001 ABS48921
008 090401t1993 xxu||||| |||| 00| 0 eng d
035 _a(Sirsi) u69139
041 _aeng
100 _aPolley, S.
245 _aApproved Document B - in practice
260 _c1993
350 _a0
490 _aBuilding Engineer
_v68(6) July 1993, 12-17(6)
520 _aA guide through the clauses of Approved Document B - Fire Safety, part of the 1992 Building Regulations.
650 _aAPPROVED DOCUMENT B
650 _aBUILDING REGULATIONS 1992
650 _aDESIGN
650 _aFIRE PRECAUTIONS
650 _aFIRE PREVENTION
650 _aSPECIFICATION
690 _aBUILDING AND CONSTRUCTION-REGULATIONS
942 _n0
948 _c04/03/1997
999 _c43431
_d43431